Country vs. Country: Homicide Rate - Statistics

General Stats
  • This quiz has been taken 76 times
  • The average score is 11 of 15
Answer Stats
Question Answer % Correct
Pakistan or Slovakia? Pakistan
100%
Indonesia or Brazil? Brazil
91%
Mexico or Turkey? Mexico
91%
South Africa or Vietnam? South Africa
91%
Tunisia or Bahrain? Tunisia
91%
Norway or Canada? Canada
82%
Denmark or Japan? Denmark
82%
El Salvador or the United States? El Salvador
82%
New Zealand or Monaco? New Zealand
82%
Uruguay or Austria? Uruguay
82%
Switzerland or East Timor? East Timor
73%
Israel or Moldova? Moldova
64%
Suriname or Belize? Belize
55%
Ethiopia or Liberia? Ethiopia
45%
Andorra or Luxembourg? Andorra
36%
No matching quizzes found
Score Distribution
Percent of People with Each Score
Percentile by Number Answered
Your Score History
You have not taken this quiz